000 00441cam a2200169ua 4500
041 _aeng
_h
082 _a821
_bPOP/CO
100 _aPop, Alexander .
245 _aCollected Poems /
_cAlexander Pop.
_hTextual Documents
260 _aLondon :
_bJ M Dent and Sons Ltd ,
_c1950.
300 _a403 ; .
440 0 _aEveryman`s library,
_v760
_x;
490 0 _aEveryman`s library,
_v760
_x;
504 _a
942 _cBK
999 _c850
_d850